Statistics for All-Time Brazilian Football Honours

Click here to take the quiz!

General Stats

  • This quiz has been taken 126 times
  • The average score is 11 of 20

Answer Stats

Answer% Correct
Santos
94%
Flamengo
83%
São Paulo
83%
Corinthians
80%
Palmeiras
74%
Grêmio
73%
Atlético Mineiro
69%
Fluminense
69%
Vasco da Gama
65%
Cruzeiro
60%
Botafogo
58%
Internacional
58%
Sport Recife
43%
Bahia
41%
Athletico Paranaense
40%
Coritiba
32%
Juventude
26%
Guarani
25%
Criciúma
17%
Santo André
15%

Score Distribution

Percentile by Number Answered

Percent of People with Each Score

Your Score History

You have not taken this quiz